Marvel acteur personnage Marvel - Statistiques

Statistiques générales
  • Ce quiz a été pris 144 fois
  • Le résultat moyen est 13 sur 16
Statistiques - réponses
Par images Réponse % Correct
Iron Man
99%
Captain America
94%
Hulk
94%
Spiderman
94%
Thor
94%
Antman
92%
Loki
88%
Deadpool
85%
Hawkeye
82%
Wolverine
79%
Star lord
72%
Captain marvel
70%
Magnéto
59%
Black widow
54%
Sorcière rouge
54%
Dr strange
47%
Aucun quiz correspondant
Distribution des résultats
% des personnes avec chaque résultat
Percentile par nombre de réponses
Votre historique - résultats
Vous n’avez pas pris ce quiz